00642nam a2200181 a 450000100100000000500170001000800410002704000250006811000610009324500160015426001030017030000200027349000150029383000210030804900090032995201050033899900170044300002941620251120073733.0110415s1988 dr 000 0 spa d aDO-SdBNPbspacBNPHU2 aPontificia Universidad Católica Madre y Maestra 984310aReglamento. aSanto Domingo :bPontificia Universidad Católica Madre y Maestra, Departamento de Publicaciones. a15 p. :b21 cm.1 aDocumentos 0aDocumentos91047 aBNPD 0010718PDaPDbPDcCTd2011-04-15iLF1l0o p29416-10r2020-06-25w2020-06-25yLFPDZNo se presta c28908d28908